Statistics for Alaska Quiz

Click here to take the quiz!

General Stats

  • This quiz has been taken 23 times
  • The average score is 6 of 8

Answer Stats

HintAnswer% Correct
Biggest cityAnchorage
100%
Capital cityJuneau
94%
What country previously owned Alaska?Russia
94%
Highest mountainMount McKinley
82%
A famous dogsled race that takes place every springIditarod
65%
Northernmost cityBarrow (aka Utqiagvik)
59%
State animalMoose
41%
State TreeSitka spruce
35%

Score Distribution

Percentile by Number Answered

Percent of People with Each Score

Your Score History

You have not taken this quiz